[Event "Titled Tue 24th Jun Late"]
[Site "chess.com INT"]
[Date "2025.06.24"]
[Round "11"]
[White "Zhou, Abigail"]
[Black "Winkels, Marcel"]
[Result "1-0"]
[WhiteTitle "WCM"]
[BlackTitle "CM"]
[WhiteElo "1780"]
[BlackElo "1905"]
[WhiteFideId "39922081"]
[BlackFideId "1003887"]
[EventDate "2025.06.24"]

1. e4 c5 2. Nf3 d6 3. d4 cxd4 4. Nxd4 Nf6 5. Nc3 a6 6. Be2 e6 7. O-O Be7 8. a4
O-O 9. Be3 Nc6 10. Nb3 b6 11. Re1 Rb8 12. Nd2 d5 13. exd5 exd5 14. Nf3 Bc5 15.
Bf4 Ra8 16. Bg5 d4 17. Ne4 Be7 18. Nxf6+ Bxf6 19. Bxf6 Qxf6 20. Bd3 Bb7 21. Be4
Rad8 22. Qd3 g6 23. Rad1 Nb4 24. Qc4 Bxe4 25. Rxe4 a5 26. Rexd4 Rc8 27. Qb3 Nxc2
28. Rd6 Qf5 29. Qxb6 Rb8 30. Qc6 Rxb2 31. Rf6 Qh5 32. h3 Nb4 33. Qb5 Qxb5 34.
axb5 a4 35. Ra1 Ra8 36. b6 a3 37. b7 Rb8 38. Rxa3 Rxb7 39. Ra8+ Kg7 40. Rd6 Rb1+
41. Kh2 Rb2 42. Rdd8 Rxf2 43. Rg8+ Kf6 44. Kg3 Rb2 45. Rh8 1-0

[Event "Titled Tue 24th Jun Late"]
[Site "chess.com INT"]
[Date "2025.06.24"]
[Round "11"]
[White "Mayaud, Raphael"]
[Black "Vila Dupla, Aurelio"]
[Result "1-0"]
[WhiteTitle "CM"]
[BlackTitle "FM"]
[WhiteElo "2126"]
[BlackElo "2056"]
[WhiteFideId "627151"]
[BlackFideId "2203383"]
[EventDate "2025.06.24"]

1. d4 Nf6 2. Bg5 e6 3. e4 h6 4. Bxf6 Qxf6 5. c3 d5 6. Nd2 Qd8 7. Ngf3 Be7 8. Bd3
O-O 9. Qe2 c5 10. O-O Nc6 11. e5 Qb6 12. dxc5 Qxb2 13. Rfc1 Qa3 14. c4 Nb4 15.
Nb3 Bd7 16. cxd5 Nxd5 17. Qe4 g6 18. Qg4 Kg7 19. h4 Qb4 20. Rc4 Qa3 21. h5 g5
22. Qe4 Rh8 23. Rc2 Qb4 24. Rc4 Qa3 25. Nfd4 a5 26. Rf1 a4 27. Nd2 Bxc5 28. N2f3
b5 29. Rc2 Nb4 30. Rd2 Nxd3 31. Rxd3 Qxa2 32. Nxg5 hxg5 33. Qg4 Be7 34. Nf3 Qc4
35. Rd4 Qc5 36. Nxg5 Bxg5 37. Qxg5+ Kf8 38. Rg4 Ke8 39. Qg7 Rf8 40. h6 Bc6 41.
h7 Kd7 42. Qf6 Qd5 43. Re1 Rh8 44. Rg7 1-0

[Event "Titled Tue 24th Jun Late"]
[Site "chess.com INT"]
[Date "2025.06.24"]
[Round "11"]
[White "Miserendino, Alfredo"]
[Black "Li, Hui"]
[Result "0-1"]
[BlackTitle "CM"]
[WhiteElo "2032"]
[BlackElo "2041"]
[WhiteFideId "101800"]
[BlackFideId "15400310"]
[EventDate "2025.06.24"]

1. e4 e5 2. Nf3 Nf6 3. Nc3 Nc6 4. d4 Bb4 5. Qd3 exd4 6. Nxd4 O-O 7. Bg5 h6 8.
Nxc6 bxc6 9. Bd2 d5 10. exd5 Re8+ 11. Be2 cxd5 12. O-O c6 13. Bf3 Be6 14. a3 Bd6
15. h3 Qd7 16. Nd1 Bf5 17. Qc3 Ne4 18. Bxe4 Bxe4 19. f3 Bf5 20. Nf2 Be5 21. Qc5
Bxb2 22. Rab1 Be5 23. Rfe1 Bd6 24. Qc3 Rxe1+ 25. Bxe1 Re8 26. Qd2 Bxa3 27. Nd3
Bd6 28. Bf2 Rb8 29. Ra1 Ra8 30. Ra6 Qb7 31. Ra1 a5 32. Rxa5 Qb1+ 33. Ne1 Rxa5
34. Qxa5 Kh7 35. Qc3 Bb4 36. Qe5 Bg6 37. Kh2 Bxe1 38. Bxe1 Qxc2 39. Bc3 f6 0-1

[Event "Titled Tue 24th Jun Late"]
[Site "chess.com INT"]
[Date "2025.06.24"]
[Round "11"]
[White "Gubajdullin, Alexei"]
[Black "Da Silva, Lucas Pereira Mendes"]
[Result "1-0"]
[WhiteTitle "FM"]
[WhiteElo "2233"]
[BlackElo "2122"]
[WhiteFideId "4141202"]
[BlackFideId "22718613"]
[EventDate "2025.06.24"]

1. Nf3 d5 2. g3 c5 3. Bg2 Nc6 4. O-O e5 5. d3 Nf6 6. Nbd2 Bd6 7. e4 d4 8. Nc4
Bc7 9. a4 O-O 10. Bg5 h6 11. Bxf6 Qxf6 12. c3 dxc3 13. bxc3 Be6 14. Nfd2 Rfd8
15. Qc2 Bg4 16. Rfe1 Rac8 17. a5 Be6 18. Reb1 Rb8 19. Rb5 b6 20. axb6 axb6 21.
Ne3 Qe7 22. Nd5 Qd7 23. Qb1 Bxd5 24. exd5 Ne7 25. Ra7 Nc8 26. Ra6 Nd6 27. Rb3
Ra8 28. Rba3 Rxa6 29. Rxa6 Rb8 30. Ne4 Kh8 31. Qa2 Qb5 32. Ra7 Qxd3 33. Nxd6
Bxd6 34. Rxf7 Qd1+ 35. Bf1 e4 36. Qa7 Rg8 37. Qd7 Be5 38. Qf5 Bxc3 39. Qxe4 Bd4
40. Kg2 Bf6 41. Bd3 g6 42. Rxf6 Qh5 43. Rf7 Rg7 44. Qe8+ Rg8 45. Qe6 Qg5 46. d6
Qf4 1-0

[Event "Titled Tue 24th Jun Late"]
[Site "chess.com INT"]
[Date "2025.06.24"]
[Round "11"]
[White "Bortnyk, Olexandr"]
[Black "Niemann, Hans Moke"]
[Result "1-0"]
[WhiteTitle "GM"]
[BlackTitle "GM"]
[WhiteElo "2601"]
[BlackElo "2736"]
[WhiteFideId "14120828"]
[BlackFideId "2093596"]
[EventDate "2025.06.24"]

1. e4 e5 2. Nf3 Nc6 3. Nc3 Nf6 4. Nd5 Bc5 5. c3 Nxd5 6. exd5 e4 7. dxc6 exf3 8.
cxd7+ Bxd7 9. Qxf3 O-O 10. d4 Re8+ 11. Be3 Bc6 12. Qh3 Bd7 13. Qh5 Bd6 14. Bc4
Be6 15. Bxe6 Rxe6 16. O-O Qe7 17. g3 Re8 18. Rae1 Qd7 19. b3 Bf8 20. Bd2 Rxe1
21. Rxe1 Rxe1+ 22. Bxe1 Qe6 23. Qe5 Qa6 24. a4 Qd3 25. a5 h5 26. h4 Bd6 27. Qe8+
Kh7 28. Kg2 Qf5 29. c4 b6 30. axb6 axb6 31. Qe2 g6 32. Qf3 Qe6 33. Bc3 f5 34. d5
Qe8 35. Kf1 Qf7 36. Qe3 f4 37. gxf4 Bxf4 38. Qe6 Kg8 39. Bf6 Bd6 40. Kg2 Kf8 41.
Qc8+ Qe8 42. Qxe8+ Kxe8 43. Kf3 Kf7 44. Bg5 Ke8 45. Ke4 Kd7 46. f4 c6 47. f5
gxf5+ 48. Kxf5 cxd5 49. cxd5 Bc5 50. Bf4 Be7 51. Bg3 Bd8 52. Kg6 Ke7 53. Kxh5
Kf6 54. Kg4 1-0

[Event "Titled Tue 24th Jun Late"]
[Site "chess.com INT"]
[Date "2025.06.24"]
[Round "11"]
[White "Leiva, Gianmarco"]
[Black "Maksimovic, Bojan"]
[Result "0-1"]
[WhiteTitle "IM"]
[BlackTitle "IM"]
[WhiteElo "2387"]
[BlackElo "2514"]
[WhiteFideId "3804399"]
[BlackFideId "14408120"]
[EventDate "2025.06.24"]

1. e4 h5 2. d4 e6 3. c4 c5 4. d5 d6 5. Nc3 e5 6. f4 Nd7 7. Nf3 Nh6 8. g3 g6 9.
Bg2 exf4 10. gxf4 Bg7 11. O-O O-O 12. f5 Ng4 13. Bg5 Bf6 14. Bf4 Nge5 15. b3 Kg7
16. Qd2 Rh8 17. Kh1 Qe7 18. Rg1 Nxf3 19. Bxf3 Ne5 20. Be2 Bd7 21. Rg2 Rag8 22.
Rag1 Kf8 23. a4 a6 24. Qe3 Ke8 25. Nd1 Ng4 26. Bxg4 hxg4 27. Qg3 Kd8 28. Nf2 Bh4
29. Bxd6 Bxg3 30. Bxe7+ Kxe7 31. Rxg3 gxf5 32. exf5 Bxf5 33. Re1+ Kd6 34. Ne4+
Bxe4+ 35. Rxe4 f5 36. Re6+ Kd7 37. Rge3 g3 38. Re7+ Kc8 39. Rxb7 Kxb7 40. Re7+
Kc8 41. Kg2 gxh2+ 42. Rg7 Rxg7+ 43. Kh1 0-1

[Event "Titled Tue 24th Jun Late"]
[Site "chess.com INT"]
[Date "2025.06.24"]
[Round "11"]
[White "Milare, Tyron"]
[Black "Garcia Hernandez, Rebeca"]
[Result "0-1"]
[WhiteTitle "FM"]
[BlackTitle "WCM"]
[WhiteElo "2248"]
[BlackElo "1904"]
[WhiteFideId "12987018"]
[BlackFideId "5180872"]
[EventDate "2025.06.24"]

1. d4 d5 2. Nf3 Nf6 3. g3 g6 4. Bg2 Bg7 5. O-O O-O 6. Re1 c5 7. c3 b6 8. a4 Bb7
9. a5 Nbd7 10. a6 Bc6 11. Ne5 Nxe5 12. dxe5 Nd7 13. e4 dxe4 14. e6 fxe6 15. Qg4
Bd5 16. Na3 Nf6 17. Qh3 Qc8 18. c4 Bc6 19. Nb5 e5 20. Bg5 Qxh3 21. Bxh3 h6 22.
Be6+ Kh7 23. Bxf6 exf6 24. Bd5 Bxd5 25. cxd5 Rfd8 26. d6 Rd7 27. Rxe4 Bf8 28.
Rd1 Rad8 29. Ra4 Bxd6 30. Rxd6 Rxd6 31. Nxa7 Rd1+ 32. Kg2 R1d7 33. Nc6 Ra8 34.
a7 Rc7 35. Nb8 Rcxa7 36. Rxa7+ Rxa7 37. Nc6 Ra2 38. b3 Rb2 39. Nb8 b5 40. Nd7 c4
41. bxc4 bxc4 42. Nxf6+ Kg7 43. Ne4 Rb3 44. Kf1 c3 45. Ke2 Rb2+ 46. Kd3 c2 47.
Kd2 Ra2 48. Nc3 c1=Q+ 49. Kxc1 Rxf2 50. h4 Rg2 51. Ne4 Re2 52. Nd2 Re3 53. g4
Rg3 54. g5 hxg5 55. Ne4 Rg4 56. Kd2 gxh4 57. Nf2 Rg2 58. Ke3 Rxf2 59. Kxf2 Kf6
60. Kf3 Kf5 61. Kg2 e4 62. Kf2 Kf4 63. Ke2 g5 64. Kf1 g4 65. Kg1 Kf3 66. Kf1 Ke3
67. Kg1 Kd2 68. Kf2 e3+ 69. Kf1 e2+ 70. Kg2 e1=Q 71. Kh2 Qg3+ 72. Kh1 Qh3+ 73.
Kg1 Qe3+ 74. Kh1 Qe1+ 75. Kh2 Ke2 76. Kg2 Qf1+ 77. Kh2 g3# 0-1

[Event "Titled Tue 24th Jun Late"]
[Site "chess.com INT"]
[Date "2025.06.24"]
[Round "11"]
[White "Burovic, Rijad"]
[Black "Injac, Teodora"]
[Result "0-1"]
[WhiteTitle "IM"]
[BlackTitle "IM"]
[WhiteElo "2420"]
[BlackElo "2457"]
[WhiteFideId "14407701"]
[BlackFideId "932400"]
[EventDate "2025.06.24"]

1. e4 e5 2. f4 d5 3. exd5 exf4 4. Nf3 Nf6 5. Bc4 Bd6 6. Qe2+ Qe7 7. Qxe7+ Kxe7
8. d4 Nbd7 9. Bb3 a5 10. c4 a4 11. Bc2 b6 12. O-O Re8 13. Nc3 a3 14. b3 Ba6 15.
Bd2 h6 16. Nh4 Kf8 17. Nf5 Bb4 18. Rxf4 g6 19. Ng3 Kg7 20. Raf1 Re7 21. Nce4
Bxd2 22. Nxd2 Rae8 23. Nge4 Nxe4 24. Rxe4 f5 25. Rxe7+ Rxe7 26. Kf2 Nf6 27. h3
Nxd5 28. cxd5 Re2+ 29. Kf3 Rxd2 30. Rf2 Rxd4 31. g4 f4 32. h4 Bb7 33. Be4 g5 34.
hxg5 hxg5 35. Rc2 Bxd5 36. Rxc7+ Bf7 37. Rb7 Rd2 38. Rxb6 Rxa2 39. Rb7 Rd2 40.
Ra7 a2 41. Bf5 Kf8 42. Ra6 Bxb3 43. Ra8+ Ke7 44. Ra7+ Kd8 45. Bg6 Kc8 46. Bf7
Bxf7 47. Ra8+ Kb7 48. Ra4 Bd5+ 49. Re4 Bxe4+ 50. Kxe4 a1=Q 0-1

[Event "Titled Tue 24th Jun Late"]
[Site "chess.com INT"]
[Date "2025.06.24"]
[Round "11"]
[White "Makridis, Dimitrios"]
[Black "Asish Panda"]
[Result "1-0"]
[WhiteTitle "FM"]
[WhiteElo "2283"]
[BlackElo "1911"]
[WhiteFideId "25864475"]
[BlackFideId "45012458"]
[EventDate "2025.06.24"]

1. e4 e6 2. d4 d5 3. Nc3 Nf6 4. e5 Nfd7 5. f4 c5 6. Nf3 Nc6 7. Be3 a6 8. Qd2 Be7
9. Be2 b5 10. O-O Qb6 11. Nd1 cxd4 12. Nxd4 Nxd4 13. Bxd4 Bc5 14. c3 Bb7 15. Ne3
O-O 16. b4 Bxd4 17. cxd4 f6 18. Kh1 fxe5 19. fxe5 Rxf1+ 20. Rxf1 Rf8 21. Rc1 Rc8
22. Rd1 Qc7 23. Bg4 Nf8 24. Rf1 h6 25. h4 Qe7 26. Qf2 Ng6 27. Qg3 Rf8 28. Rc1
Nf4 29. Rf1 Ng6 30. Rxf8+ Nxf8 31. Qh3 h5 32. Bxh5 Qxb4 33. Ng4 Qxd4 34. Qf3 g6
35. Nf6+ Kh8 36. Ng4 Kg8 37. Nf6+ Kh8 38. Ne8 Qa1+ 39. Kh2 Qxe5+ 40. g3 Qf5 41.
Qc3+ e5 42. Qc7 Ne6 43. Qxb7 Qf2+ 44. Kh3 gxh5 45. Qe7 Qf1+ 46. Kh2 1-0

[Event "Titled Tue 24th Jun Late"]
[Site "chess.com INT"]
[Date "2025.06.24"]
[Round "11"]
[White "Beyer, Lorenz"]
[Black "Estrada Nieto, Julian"]
[Result "1-0"]
[WhiteTitle "CM"]
[BlackTitle "IM"]
[WhiteElo "2226"]
[BlackElo "2181"]
[WhiteFideId "16245393"]
[BlackFideId "5101018"]
[EventDate "2025.06.24"]

1. d4 d5 2. Bf4 Nf6 3. e3 c5 4. c3 Nc6 5. Nf3 Qb6 6. Qc2 g6 7. Nbd2 Bf5 8. dxc5
Qxc5 9. Qb3 Bc8 10. Be2 Bg7 11. h3 O-O 12. O-O Re8 13. Ne5 Nxe5 14. Bxe5 b6 15.
Rad1 Bb7 16. Nf3 Rad8 17. Bd4 Qc8 18. Bb5 Bc6 19. a4 Ne4 20. Bxg7 Kxg7 21. Ne5
Bxb5 22. axb5 Qc5 23. Nc6 Rd7 24. Qb4 e6 25. Qxc5 bxc5 26. Ra1 Rb7 27. Ra5 Nd6
28. Nxa7 Reb8 29. Rfa1 Nxb5 30. Nc6 Rc8 31. Ne5 Nd6 32. Nd3 Nc4 33. Rxc5 Rxc5
34. Nxc5 Rxb2 35. Ra7 Kf6 36. Nd7+ Kf5 37. Nf8 Rb1+ 38. Kh2 Nd2 39. Rxf7+ Ke4
40. Rf4+ Kd3 41. Nxe6 Nf1+ 42. Kg1 Nxe3+ 43. Kh2 Nf1+ 44. Kg1 Nd2+ 45. Kh2 Kxc3
46. h4 Ne4 47. Rf3+ Kd2 48. Nf4 Rf1 49. Nxd5 1-0

[Event "Titled Tue 24th Jun Late"]
[Site "chess.com INT"]
[Date "2025.06.24"]
[Round "11"]
[White "Li, Eric 2007"]
[Black "Fernandes, Rogerio Paulo Muller"]
[Result "1-0"]
[WhiteTitle "IM"]
[WhiteElo "2372"]
[BlackElo "2241"]
[WhiteFideId "30939941"]
[BlackFideId "2101599"]
[EventDate "2025.06.24"]

1. d4 Nf6 2. c4 c5 3. d5 b5 4. cxb5 a6 5. bxa6 Bxa6 6. Nc3 g6 7. Nf3 d6 8. g3
Bg7 9. Bg2 O-O 10. O-O Nbd7 11. Rb1 Ng4 12. Qc2 Qa5 13. Bd2 Nge5 14. b3 Nxf3+
15. Bxf3 Qa3 16. Bg5 Bf6 17. Bxf6 Nxf6 18. Qb2 Qxb2 19. Rxb2 Rfb8 20. Rfb1 Nd7
21. Be4 Kg7 22. Kf1 f5 23. Bc2 Kf6 24. f4 h6 25. Kf2 g5 26. e3 g4 27. e4 fxe4
28. Nxe4+ Kg7 29. Re1 Ra7 30. Bd1 h5 31. h3 gxh3 32. Bxh5 Bd3 33. Ng5 Nf6 34.
Bf3 Bf5 35. Rh1 Rh8 36. Ke3 Bg4 37. Bxg4 Nxg4+ 38. Kf3 Nf6 39. Rd2 h2 40. Ne4 c4
41. Nxf6 Kxf6 42. bxc4 Ra3+ 43. Kg2 Rg8 44. Rxh2 Rgxg3+ 45. Kf1 Rgf3+ 46. Rhf2
Kf5 47. Rxf3 Rxf3+ 48. Ke2 Rxf4 49. Kd3 Rf3+ 50. Kd4 Ra3 51. Rf2+ Kg6 52. Ke4
Rc3 53. Kd4 Ra3 54. Rc2 Kf6 55. c5 Ra4+ 56. Rc4 Rxa2 57. c6 Ra8 58. Rc1 e5+ 59.
dxe6 Kxe6 60. Re1+ Kf7 61. Kd5 1-0

[Event "Titled Tue 24th Jun Late"]
[Site "chess.com INT"]
[Date "2025.06.24"]
[Round "11"]
[White "Mizzi, Jack"]
[Black "Buchenau, Frank"]
[Result "1/2-1/2"]
[WhiteTitle "CM"]
[BlackTitle "FM"]
[WhiteElo "2107"]
[BlackElo "2205"]
[WhiteFideId "5602521"]
[BlackFideId "4604350"]
[EventDate "2025.06.24"]

1. d4 e6 2. c4 Nf6 3. Nf3 b6 4. g3 Bb7 5. Bg2 Be7 6. O-O O-O 7. Nc3 Ne4 8. Qc2
Nxc3 9. Qxc3 f5 10. h4 Bf6 11. Bg5 d6 12. Bxf6 Qxf6 13. Rad1 Nd7 14. Qe3 h6 15.
Ne5 dxe5 16. Bxb7 Rad8 17. Bc6 exd4 18. Rxd4 Ne5 19. Rxd8 Rxd8 20. Bg2 Nxc4 21.
Qf4 Nxb2 22. Qxc7 Rd2 23. Qxa7 Nc4 24. Qa6 Qd4 25. Qc8+ Kf7 26. Bc6 Qd8 27. Qa6
Ne5 28. Bg2 Qd7 29. Qxb6 Nc4 30. Qc5 Qd4 31. Qc7+ Kf6 32. Qc8 Rxe2 33. Qf8+ Kg6
34. h5+ Kh7 35. Qf7 Ne5 36. Qe8 Ng4 37. Qg6+ Kg8 38. Qe8+ Kh7 39. Bh3 Rxf2 40.
Qg6+ Kg8 41. Qxe6+ Kh7 42. Qg6+ Kg8 43. Qe8+ Kh7 44. Qg6+ Kg8 45. Bxg4 Rxf1+ 46.
Kxf1 fxg4 47. Qe6+ Kh7 48. Qf5+ Kg8 49. Qe6+ Kh7 50. Qg6+ Kg8 51. Qe8+ Kh7 52.
Qg6+ Kg8 1/2-1/2

[Event "Titled Tue 24th Jun Late"]
[Site "chess.com INT"]
[Date "2025.06.24"]
[Round "11"]
[White "Radionov, Timur"]
[Black "Tang, Austin"]
[Result "1-0"]
[WhiteTitle "FM"]
[WhiteElo "2200"]
[BlackElo "1979"]
[WhiteFideId "34178772"]
[BlackFideId "30964580"]
[EventDate "2025.06.24"]

1. e4 c5 2. Nf3 a6 3. d4 cxd4 4. Nxd4 Nf6 5. Nc3 e5 6. Nf3 Bb4 7. Bc4 O-O 8. Qd3
b5 9. Bb3 Bb7 10. O-O Bxc3 11. Qxc3 d6 12. Rd1 Nxe4 13. Qe1 Qe7 14. Be3 Nd7 15.
c3 Nec5 16. Bxc5 Nxc5 17. Bd5 Bxd5 18. Rxd5 Rad8 19. Rad1 Qf6 20. Qe3 Na4 21.
Qd2 Nb6 22. Rxd6 Nc4 23. Rxd8 Nxd2 24. Rxf8+ Kxf8 25. Rxd2 e4 26. Nd4 Qf4 27.
Rd1 h5 28. Nc2 h4 29. Ne3 h3 30. Rd8+ Ke7 31. Nd5+ Kxd8 32. Nxf4 hxg2 33. Kxg2
Ke7 34. Nd5+ Kd6 35. Nc7 Kxc7 36. Kg3 Kd6 37. Kf4 Kd5 38. h4 a5 39. h5 a4 40. b3
a3 41. Kf5 Kd6 42. Kxe4 Ke6 43. c4 bxc4 44. bxc4 Kd6 45. Kd4 Kc6 46. c5 f6 47.
Kc4 f5 48. f4 Kc7 49. Kd5 Kd7 50. Ke5 Kc6 51. Kxf5 Kxc5 52. Kg6 Kd4 53. Kxg7 Kc3
54. h6 Kb2 55. h7 Kxa2 56. h8=Q Kb1 57. Kg6 a2 58. f5 a1=Q 59. Qxa1+ Kxa1 60. f6 1-0

[Event "Titled Tue 24th Jun Late"]
[Site "chess.com INT"]
[Date "2025.06.24"]
[Round "11"]
[White "Mkrtchyan, Mariam"]
[Black "Nalbandyan, Vahan"]
[Result "1-0"]
[WhiteTitle "WIM"]
[BlackTitle "CM"]
[WhiteElo "2307"]
[BlackElo "2155"]
[WhiteFideId "13310828"]
[BlackFideId "13309439"]
[EventDate "2025.06.24"]

1. Nf3 Nf6 2. c4 c5 3. g3 b6 4. Bg2 Bb7 5. O-O e6 6. b3 Be7 7. Bb2 O-O 8. d4
cxd4 9. Qxd4 d6 10. Nc3 a6 11. Rfd1 Nbd7 12. Rac1 Rc8 13. h3 Qc7 14. Qe3 Rfe8
15. Ng5 Bxg2 16. Kxg2 Qb7+ 17. Qf3 Qxf3+ 18. Kxf3 d5 19. cxd5 Nxd5 20. Nxd5 Bxg5
21. Rxc8 Rxc8 22. Ne7+ Bxe7 23. Rxd7 Bc5 24. Be5 Kf8 25. a4 Ke8 26. Ra7 a5 27.
Bxg7 Rd8 28. Be5 Rd5 29. Bc7 Rd2 30. Rb7 Rb2 31. e3 Rxb3 32. g4 Rb4 33. h4 Rxa4
34. h5 Rb4 35. Rb8+ Kd7 36. Be5 a4 37. h6 a3 38. Rh8 a2 39. Rxh7 Bd6 40. Rxf7+
Kc6 41. Bf6 Rb1 42. h7 e5 43. h8=Q a1=Q 44. Qc8+ Kb5 45. Qd7+ Kc5 46. Qe6 Rd1
47. Bxe5 Qxe5 48. Rf5 1-0

[Event "Titled Tue 24th Jun Late"]
[Site "chess.com INT"]
[Date "2025.06.24"]
[Round "11"]
[White "Hansen, Eric"]
[Black "Szpar, Milosz"]
[Result "1/2-1/2"]
[WhiteTitle "GM"]
[BlackTitle "IM"]
[WhiteElo "2609"]
[BlackElo "2495"]
[WhiteFideId "2606771"]
[BlackFideId "1184989"]
[EventDate "2025.06.24"]

1. e4 e6 2. d4 d5 3. Nc3 Nf6 4. Bg5 dxe4 5. Nxe4 Nbd7 6. Nxf6+ Nxf6 7. Nf3 h6 8.
Bh4 c5 9. Qe2 Qa5+ 10. c3 cxd4 11. Qb5+ Qxb5 12. Bxb5+ Bd7 13. Nxd4 Bc5 14.
O-O-O O-O-O 15. Bxd7+ Rxd7 16. Nb3 Bb6 17. Bxf6 gxf6 18. Rxd7 Kxd7 19. Kc2 h5
20. Kd3 Bxf2 21. Rf1 Bb6 22. Rxf6 Ke7 23. Rf3 Rg8 24. g3 Bg1 25. Ke2 f5 26. Kf1
Bb6 27. Rd3 Rg4 28. Nd2 h4 29. Ke2 e5 30. Nf1 e4 31. Rd5 Ke6 32. c4 f4 33. gxf4
Rxf4 34. Ne3 Rf3 35. Ng4 Rf5 36. Rd1 Rf4 37. h3 Rf3 38. Rd5 Bc7 39. Rd4 Rxh3 40.
Rxe4+ Kf5 41. Rd4 Bb6 42. Nh6+ Kg5 43. Nf7+ Kg6 44. Rd7 Rh2+ 45. Kf3 Rxb2 46.
Ne5+ Kf5 47. Nd3 Rxa2 48. c5 Ba5 49. Rxb7 h3 50. Rh7 h2 51. Rh5+ Ke6 52. Nf4+
Kd7 53. Ke4 Bc7 54. Nd5 Ra1 55. Rh7+ Kd8 56. Rh8+ Kd7 57. Rh7+ Kd8 58. Rh8+ Kd7
59. Rh7+ 1/2-1/2

[Event "Titled Tue 24th Jun Late"]
[Site "chess.com INT"]
[Date "2025.06.24"]
[Round "11"]
[White "Garcia Alvarez, Diego"]
[Black "Krzywda, Andrzej"]
[Result "1-0"]
[BlackTitle "CM"]
[WhiteElo "2124"]
[BlackElo "2175"]
[WhiteFideId "32094795"]
[BlackFideId "1114565"]
[EventDate "2025.06.24"]

1. d4 Nf6 2. c4 g6 3. Nc3 Bg7 4. e4 d6 5. f3 O-O 6. Be3 Nc6 7. Nge2 a6 8. Qd2
Re8 9. h4 h5 10. Nd5 b5 11. cxb5 axb5 12. Rc1 Bd7 13. Nxc7 Qxc7 14. d5 Qb7 15.
dxc6 Bxc6 16. Nd4 Bd7 17. a3 e5 18. Nb3 Be6 19. Qb4 Reb8 20. Be2 Bf8 21. O-O d5
22. Nc5 Bxc5 23. Qxc5 d4 24. Qxe5 dxe3 25. Qxf6 Bc4 26. Rfe1 Ra6 27. Qc3 Qe7 28.
Qxe3 Qxh4 29. Qf2 Qf4 30. Bxc4 bxc4 31. Rxc4 h4 32. Rec1 Raa8 33. Qd4 h3 34. Qf2
hxg2 35. Kxg2 Ra5 36. Rc5 Rxc5 37. Rxc5 Rd8 38. Rc2 Rd3 39. Qg3 Rd2+ 40. Rxd2
Qxd2+ 41. Qf2 Qg5+ 42. Kf1 Qc1+ 43. Kg2 Qg5+ 44. Kh3 Qh6+ 45. Qh4 Qc1 46. Qd8+
Kg7 47. Qd4+ Kh7 48. Kg2 Qc2+ 49. Kg3 Qc1 50. Qc3 Qg5+ 51. Kf2 Qf4 52. Ke2 g5
53. Qe3 Qe5 54. Qc3 Qf4 55. Qc8 Qh2+ 56. Kd3 Qxb2 57. Qf5+ Kg7 58. Qxg5+ Kf8 59.
Qc5+ Kg7 60. Qc3+ 1-0

[Event "Titled Tue 24th Jun Late"]
[Site "chess.com INT"]
[Date "2025.06.24"]
[Round "11"]
[White "Fandi, Mazen"]
[Black "Slovineanu, Viacheslav"]
[Result "0-1"]
[WhiteTitle "FM"]
[BlackTitle "IM"]
[WhiteElo "2302"]
[BlackElo "2412"]
[WhiteFideId "7611625"]
[BlackFideId "13900510"]
[EventDate "2025.06.24"]

1. e4 c6 2. d4 d5 3. Nc3 dxe4 4. Nxe4 Nf6 5. Nxf6+ exf6 6. c3 Bd6 7. Bd3 Na6 8.
Nf3 Nc7 9. O-O O-O 10. h3 a5 11. Re1 Nd5 12. c4 Nf4 13. Bc2 Be6 14. b3 a4 15.
Bd2 Qd7 16. Bxf4 Bxf4 17. Qd3 g6 18. b4 b5 19. c5 Rad8 20. Qc3 Bd5 21. Be4 Rfe8
22. Bxd5 Qxd5 23. a3 Kg7 24. g3 Bc7 25. Rxe8 Rxe8 26. Re1 Re6 27. Rxe6 fxe6 28.
Qe3 h6 29. Nd2 f5 30. f4 Kf7 31. Nf3 Qa2 32. Nd2 Kf6 33. g4 g5 34. fxg5+ hxg5
35. gxf5 Bf4 36. Ne4+ Kxf5 37. Qd3 Qh2+ 38. Kf1 Qh1+ 39. Kf2 Qxe4 40. Qc3 Qd5
41. Qd3+ Qe4 42. Qc3 g4 43. hxg4+ Kxg4 44. Kf1 Qf3+ 45. Qxf3+ Kxf3 46. Ke1 Ke3
47. Kd1 Kxd4 48. Kc2 Kc4 49. Kb2 Be5+ 50. Ka2 Kc3 51. Kb1 Kb3 52. Kc1 Kxa3 53.
Kd1 Kxb4 54. Ke1 Kxc5 55. Kf1 a3 56. Kg1 a2 57. Kh1 a1=Q+ 58. Kg2 Qb2+ 59. Kh3
Qh2+ 60. Kg4 Qf4+ 61. Kh5 Qg3 62. Kh6 Ba1 63. Kh7 e5 64. Kh8 e4+ 65. Kh7 Qg7# 0-1

[Event "Titled Tue 24th Jun Late"]
[Site "chess.com INT"]
[Date "2025.06.24"]
[Round "11"]
[White "Jammalamadaka, Vihaan"]
[Black "Hartge, Gedeon"]
[Result "1-0"]
[WhiteTitle "CM"]
[BlackTitle "FM"]
[WhiteElo "2018"]
[BlackElo "2328"]
[WhiteFideId "30977134"]
[BlackFideId "12932116"]
[EventDate "2025.06.24"]

1. c4 e6 2. e4 c5 3. Nc3 a6 4. g3 Nc6 5. Bg2 Qc7 6. Nge2 g6 7. O-O Bg7 8. d3
Nge7 9. Be3 Nd4 10. f4 d6 11. Rc1 O-O 12. a3 Nec6 13. Kh1 f5 14. exf5 gxf5 15.
Bg1 Bd7 16. b4 cxb4 17. axb4 Nxe2 18. Nxe2 Nxb4 19. d4 Rae8 20. d5 Qb8 21. dxe6
Bxe6 22. Nd4 Bd7 23. Qb3 Nc6 24. Nf3 Kh8 25. Rce1 b5 26. c5 dxc5 27. Bxc5 Rxe1
28. Rxe1 Re8 29. Rxe8+ Qxe8 30. Ng5 Qe1+ 31. Bg1 Bd4 32. Nf3 Qe6 33. Qxe6 Bxe6
34. Nxd4 Nxd4 35. Bxd4+ Kg8 36. Bc3 Bc8 37. Kg1 Kf7 38. Kf2 Ke6 39. Ke3 Kd6 40.
Bb4+ Ke6 41. Kd4 h6 42. Bd5+ Kf6 43. Kc5 Kg6 44. Kd6 a5 45. Bxa5 b4 46. Bxb4 Ba6
47. Ke7 Bd3 48. Bc3 h5 49. Bf7+ Kh6 50. Kf6 h4 51. Bb4 hxg3 52. hxg3 Bc2 53.
Bf8+ Kh7 54. Bg6+ Kg8 55. Bh6 Bb3 56. Bxf5 Ba4 57. g4 Be8 58. g5 Kh8 59. g6 Kg8
60. Be6+ Kh8 61. Bg7# 1-0

[Event "Titled Tue 24th Jun Late"]
[Site "chess.com INT"]
[Date "2025.06.24"]
[Round "11"]
[White "Tao, Sihan"]
[Black "Avramidou, Anastasia"]
[Result "0-1"]
[WhiteTitle "FM"]
[BlackTitle "FM"]
[WhiteElo "2202"]
[BlackElo "2294"]
[WhiteFideId "30982677"]
[BlackFideId "4239873"]
[EventDate "2025.06.24"]

1. c4 Nf6 2. g3 g6 3. Bg2 Bg7 4. Nf3 c5 5. O-O Nc6 6. b3 O-O 7. Bb2 d5 8. cxd5
Qxd5 9. Ne5 Qd6 10. Nxc6 bxc6 11. Nc3 Be6 12. Rc1 c4 13. bxc4 Bxc4 14. Ne4 Nxe4
15. Bxg7 Kxg7 16. Rxc4 Nxd2 17. Rxc6 Qd7 18. Qa1+ f6 19. Rd1 Rad8 20. Kh1 Qg4
21. Rc7 Rfe8 22. f3 Qe6 23. e4 Nc4 24. Rxa7 Ne3 25. Re1 Nc2 26. Qc1 Nxe1 27.
Qxe1 Rd6 28. h4 Red8 29. Kh2 Rd2 30. Qe3 Rxa2 31. Rxa2 Qxa2 32. Qc5 Qe6 33. g4
Qd6+ 34. Qxd6 Rxd6 35. Kg3 Rd2 36. g5 Kf7 37. Bh3 Kg7 38. Bg4 h6 39. gxf6+ Kxf6
40. f4 e5 41. f5 g5 42. hxg5+ Kxg5 43. Bf3 Ra2 44. Bg2 Ra3+ 45. Kh2 Kf4 46. Kg1
Kg3 47. Bf1 Ra1 48. f6 Ra7 49. f7 Rxf7 50. Bc4 Rg7 51. Bd5 Kf4+ 52. Kh2 Rg5 53.
Kh3 Ke3 54. Kh4 Rg2 55. Kh5 Rh2+ 56. Kg6 h5 57. Kf5 Kd4 58. Kg5 h4 59. Kg4 Re2
60. Kxh4 Rxe4+ 0-1